<?xml version="1.0" encoding="UTF-8"?>
<record
    xmlns:xsi="http://www.w3.org/2001/XMLSchema-instance"
    xsi:schemaLocation="http://www.loc.gov/MARC21/slim http://www.loc.gov/standards/marcxml/schema/MARC21slim.xsd"
    xmlns="http://www.loc.gov/MARC21/slim">

  <leader>01780nam a22002417a 4500</leader>
  <controlfield tag="005">20220328152744.0</controlfield>
  <controlfield tag="008">220328b           ||||| |||| 00| 0 eng d</controlfield>
  <datafield tag="020" ind1=" " ind2=" ">
    <subfield code="a">&#x200E;9789350293430</subfield>
  </datafield>
  <datafield tag="040" ind1=" " ind2=" ">
    <subfield code="c">Aloy</subfield>
  </datafield>
  <datafield tag="041" ind1=" " ind2=" ">
    <subfield code="a">eng</subfield>
  </datafield>
  <datafield tag="082" ind1=" " ind2=" ">
    <subfield code="2">23</subfield>
    <subfield code="a">954.035</subfield>
    <subfield code="b">SHOW</subfield>
  </datafield>
  <datafield tag="100" ind1=" " ind2=" ">
    <subfield code="a">Arun Shourie</subfield>
    <subfield code="9">26353</subfield>
  </datafield>
  <datafield tag="245" ind1=" " ind2=" ">
    <subfield code="a">Worshipping false Gods:</subfield>
    <subfield code="b">Ambedkar and the facts which have been erased</subfield>
  </datafield>
  <datafield tag="260" ind1=" " ind2=" ">
    <subfield code="a">New Delhi</subfield>
    <subfield code="b">ASA Publications0/</subfield>
    <subfield code="c">1997</subfield>
  </datafield>
  <datafield tag="300" ind1=" " ind2=" ">
    <subfield code="a">xii,663 p.</subfield>
    <subfield code="b">HB</subfield>
    <subfield code="c">22x14 cm.</subfield>
  </datafield>
  <datafield tag="365" ind1=" " ind2=" ">
    <subfield code="2">History</subfield>
    <subfield code="b">450.00</subfield>
    <subfield code="c">&#x20B9;</subfield>
    <subfield code="d">450.00</subfield>
  </datafield>
  <datafield tag="520" ind1=" " ind2=" ">
    <subfield code="a">Over the last couple of decades, B.R. Ambedkar has come to be idolized as no other political leader has. His statue is one of the largest in the Parliament complex. Political parties have reaped rich electoral dividends riding on his name. A decades-old cartoon of him in a textbook rocked Parliament for days recently, causing parties across the political spectrum to run for cover and call for the withdrawal of the 'offending' cartoon. In Worshipping False Gods, Arun Shourie employs his scholarly rigour to cast a critical look at the legend of Ambedkar. With his distinctive eye for detail, Shourie delves into archival records to ask pertinent questions: Did Ambedkar coordinate his opposition to the freedom struggle with the British? How does his approach to social change contrast with that of Mahatma Gandhi's? Did the Constitution spring from him or did it grow as a dynamic living organism? Passionately argued and based on a mountain of facts that it presents, Worshipping False Gods compels us to go behind the myths on which discourse is built in India today.</subfield>
  </datafield>
  <datafield tag="650" ind1=" " ind2=" ">
    <subfield code="a">Constitutional History</subfield>
    <subfield code="9">26349</subfield>
  </datafield>
  <datafield tag="650" ind1=" " ind2=" ">
    <subfield code="a">Social Reformer</subfield>
    <subfield code="9">26350</subfield>
  </datafield>
  <datafield tag="650" ind1=" " ind2=" ">
    <subfield code="a">Statesman</subfield>
    <subfield code="9">26351</subfield>
  </datafield>
  <datafield tag="700" ind1=" " ind2=" ">
    <subfield code="a">SHOURIE (Arun)</subfield>
    <subfield code="9">26352</subfield>
  </datafield>
  <datafield tag="942" ind1=" " ind2=" ">
    <subfield code="2">ddc</subfield>
    <subfield code="c">GF</subfield>
  </datafield>
  <datafield tag="999" ind1=" " ind2=" ">
    <subfield code="c">222061</subfield>
    <subfield code="d">222061</subfield>
  </datafield>
  <datafield tag="952" ind1=" " ind2=" ">
    <subfield code="0">0</subfield>
    <subfield code="1">0</subfield>
    <subfield code="2">ddc</subfield>
    <subfield code="4">0</subfield>
    <subfield code="7">0</subfield>
    <subfield code="8">HIS</subfield>
    <subfield code="a">AL</subfield>
    <subfield code="b">AL</subfield>
    <subfield code="d">2013-03-24</subfield>
    <subfield code="l">0</subfield>
    <subfield code="o">954.035 SHOW</subfield>
    <subfield code="p">GF03937</subfield>
    <subfield code="r">2022-03-28 00:00:00</subfield>
    <subfield code="w">2022-03-28</subfield>
    <subfield code="y">GF</subfield>
  </datafield>
</record>
